LEADER 01113nam a2200253 4500 001 000000361974 003 CaOOAMICUS 005 20250307085959.0 008 250307s1999 sz 000 u ger r 020 $a3-290-17203-1 040 $aSeMil$bita 100 1 $aBarth, Karl ,$d<1886-1968>.$0(OLS)http://semarc/name/587 245 10$aPredigten 1917 /$cKarl Barth ; herausgegeben von Hermann Schmidt. 264 1$aZürich :$bTheologischer Verlag,$c1999. 300 $axvi, 491 p. ;$c21 cm 700 1 $aSchmidt, Hermann,$d<1925-2005>.$0(OLS)http://semarc/name/40062 773 0 $aBarth, Karl <1886-1968>$tPredigten.$dZürich : Theologischer Verlag, 1971-2007.$kGesamtausgabe / Karl Barth$g5$w()361966 850 $aSeMil 852 $aSeMil$W1$xVenegono$y1$m2LL VII 5$j255018$B252910$CSeMilBibl$Z2$F252910 $81 961 $aBuzzi mons. Franco - Omaggio 996 $6020$a3-290-17203-1$9(OLS)http://semarc/number/302646 996 $6245$aPredigten 1917$9(OLS)http://semarc/title/452826 996 $6264$aZürich :$bTheologischer Verlag$9(OLS)http://semarc/publisher/29984 LEADER 01173nam a2200265 i 4500 001 000000103578 003 CaOOAMICUS 005 20011009000000.0 008 011009s1998 gw u000 u ger u 013 $a75749 020 $a3-11-016088-9 040 $aSeMil$bita 245 10$aRegister zu Band 1-27 /$cunter Mitarbeit von Michael Glatter und Stephan Schwerdtfeger ; erstellt von Claus-Jürgen Thornton. 260 $aBerlin ; New York :$bDe Gruyter,$c1998. 300 $a504 p. 700 1 $aGlatter, Michael.$0(OLS)http://semarc/name/44067 700 1 $aThornton, Claus-Jürgen.$0(OLS)http://semarc/name/44069 700 1 $aSchwerdtfeger, Stephan.$0(OLS)http://semarc/name/44068 773 0 $tTheologische Realenzyklopädie.$dBerlin ; New York : De Gruyter, 1976.$z3-11-002218-4$w()6702 850 $aSeMil 852 $aSeMil$W1$xVenegono$y1$mSL1.Q III 42/A$j60039$B60039$CSeMilBibl$Z2$F44519 $8I 961 $aSottoscrizione: De Gruyter 996 $6020$a3-11-016088-9$9(OLS)http://semarc/number/83428 996 $6245$aRegister zu Band 1-27$9(OLS)http://semarc/title/150387 996 $6260$aBerlin ; New York :$bDe Gruyter$9(OLS)http://semarc/publisher/29892